|
|
|
|
| LEADER |
00000cam a22000007a 4500 |
| 003 |
Ucuenca |
| 005 |
20230308230541.0 |
| 006 |
a||||gr|||| 001 | |
| 007 |
ta |
| 008 |
190215s1973 ag aaaag |||| 001 | spa a |
| 040 |
|
|
|b spa
|a UCuenca-cdrjbv
|c UCuenca
|e rda
|
| 041 |
0 |
|
|a spa
|
| 082 |
0 |
|
|2 22
|a 370
|c 22922
|
| 100 |
1 |
|
|a Giberti, Eva.
|9 45204
|e autor
|
| 245 |
0 |
0 |
|a Escuela para padres.
|n Tomo 1 /
|c Eva Giberti.
|
| 250 |
|
|
|a Décima octava edición.
|
| 264 |
|
1 |
|a Buenos Aires;
|b Esece Editora ,
|c 1973.
|
| 300 |
|
|
|a 316 páginas:
|b ilu
|c 22 cm
|
| 336 |
|
|
|2 rdacontent
|a texto
|b txt
|
| 337 |
|
|
|2 rdamedia
|a no mediado
|b n
|
| 338 |
|
|
|2 rdacarrier
|a volumen
|b nc
|
| 650 |
1 |
7 |
|2 UCuenca-cdrjbv
|a Crianza
|9 74218
|
| 650 |
1 |
7 |
|2 UCuenca-cdrjbv
|a Padres
|9 40890
|
| 650 |
1 |
7 |
|2 UCuenca-cdrjbv
|a Niños
|9 9400
|
| 651 |
|
|
|2 UCuenca-cdrjbv
|
| 942 |
|
|
|2 ddc
|c BK
|r vanessa.morales@ucuenca.edu.ec
|0 1
|
| 999 |
|
|
|c 157056
|d 157056
|